Transactions of the Royal Historical Society: (Record no. 34424)

MARC details
000 -LEADER
fixed length control field 00831nam a22002177a 4500
003 - CONTROL NUMBER IDENTIFIER
control field BDDh-ASL
005 - DATE AND TIME OF LATEST TRANSACTION
control field 20231120150217.0
008 - FIXED-LENGTH DATA ELEMENTS--GENERAL INFORMATION
fixed length control field 231120b1998 nyu||||| |||| 00| 0 eng d
040 ## - CATALOGING SOURCE
Transcribing agency BDDh-ASL
041 ## - LANGUAGE CODE
Language code of text/sound track or separate title eng
082 ## - DEWEY DECIMAL CLASSIFICATION NUMBER
Classification number 954
Item number ROY
110 1# - MAIN ENTRY--CORPORATE NAME
Corporate name or jurisdiction name as entry element Cambridge University Press, London.
9 (RLIN) 8229
245 10 - TITLE STATEMENT
Title Transactions of the Royal Historical Society:
Remainder of title Volume- VIII./
260 ## - PUBLICATION, DISTRIBUTION, ETC.
Place of publication, distribution, etc. London:
Name of publisher, distributor, etc. Cambridge University Press,
Date of publication, distribution, etc. 1998.
300 ## - PHYSICAL DESCRIPTION
Extent 386 p.:
Dimensions 22 c.m.
440 ## - SERIES STATEMENT/ADDED ENTRY--TITLE
Title Royal Historical Society: Sixth Series
9 (RLIN) 8344
Number of part/section of a work 8
504 ## - BIBLIOGRAPHY, ETC. NOTE
Bibliography, etc. note Include Bibliographical References.
650 #0 - SUBJECT ADDED ENTRY--TOPICAL TERM
Topical term or geographic name entry element History (ইতিহাস)
9 (RLIN) 4586
650 #0 - SUBJECT ADDED ENTRY--TOPICAL TERM
Topical term or geographic name entry element History and Heritage (ইতিহাস ও ঐতিহ্য) , ইতিহাস, History, Etihas, Itihas O Oitijjo, Etihash O Aitijjaya , Aitijjha
9 (RLIN) 7488
942 ## - ADDED ENTRY ELEMENTS (KOHA)
Source of classification or shelving scheme Dewey Decimal Classification
Koha item type Books
Holdings
Withdrawn status Lost status Source of classification or shelving scheme Damaged status Not for loan Collection code Home library Current library Shelving location Date acquired Source of acquisition Serial Enumeration / chronology Total Checkouts Full call number Barcode Date last seen Copy number Price effective from Koha item type Public note
    Dewey Decimal Classification     Non-fiction Asiatic Society Library Asiatic Society Library Sirajul Islam Collection 11/20/2023 Donated by Prof. Sirajul Islam, FRHS V-8   954 ROY 125116 11/20/2023 C-1 11/20/2023 Books Y-1998

Powered by Koha